1199 1650 1643 1736 1654 1086 1132 1774 1429 1736 1988 1312 1238 1573 1207 1575 1872 1201 1111 1678 1107 1869 1733 1338 1121 1343 1163 1441 1151 1666 1379 1767 1465 1765 1906 1341 1206 1251 1852 1101 1663 1080 1100 1226 1537 1611 1134 1165 1345 1175 1373 1263 1727 1519 1103 1550 1065 1592 1153 1417 1711 1605 1406 1444 1701 1001 1137 1653 1779 1441 1792 1649 1622 1022 1058 1465 1469 1615 1841 1626 1680 1615 1892 1680 1438 1553 1111 1086 1442 1509 1549 1270 1043 1893 1945 1424 1146 1440 1305 BCNSPRNW ULIB Ver.6.0+V

เปลี่ยนเป็นภาษาไทย

Change to English
 แสดงรายละเอียดบรรณานุกรม
  กลับหน้าหลัก

Brief Record : Get Marc (ISO 2709) : E-mail record : QR code < ปิดหน้าต่าง
LEADER : 00000nam 2200000uu 4500
001    13399115022
003     ULIB
008    020711s2552 th a 000 0 tha d
020    ^a9789742127961
082 04 ^aรส.^bA355L
090    ^aรส.^bA355L
100    ^aLouisa May Alcott
245    ^aสี่ดารุณี /^cLouisa May Alcott
260    ^aกรุงเทพฯ :^bซีเอ็ด,^c2552
300    94 หน้า
500    ชุดอ่านอังกฤษ เก่งอังกฤษ
501    Stage 3
945    ^p0^l0^i028105
999 ^a ทศพร
รายการนี้ยังไม่มีแท็ก
คุณยังไม่ได้ล็อกอิน คุณสามารถมีกิจกรรมร่วมกับเว็บไซต์ได้ แต่ต้องล็อกอินก่อน ::
  ล็อกอิน

รายการสื่อสารสนเทศ

ลำดับที่ ประเภท เลขเรียก/บาร์โค้ด สถานที่ สถานะ
1. นวนิยาย
นวนิยาย
รส. A355L รส. A355L ฉ.1 
  Barcode: 028105
ห้องสมุดวิทยาเขตสวรรค์ประชารักษ์
►นวนิยาย
บนชั้น
  ขอยืม

BibComment


ยังไม่เคยถูกคอมเมนท์

คอมเมนท์ทรัพยากรรายการนี้
  คอมเมนท์: สี่ดารุณี Louis..


 Copyright 2026. Bcnsprnw @Library